Capitales se terminant par la lettre R - Statistiques

Statistiques générales
  • Ce quiz a été pris 311 fois
  • Le résultat moyen est 5 sur 7
Statistiques - réponses
Réponse % Correct
Alger
79%
Oulan-Bator
73%
Dakar
69%
San Salvador
59%
Kuala Lumpur
58%
Palikir
57%
Singapour
55%
Aucun quiz correspondant
Distribution des résultats
% des personnes avec chaque résultat
Percentile par nombre de réponses
Votre historique - résultats
Vous n’avez pas pris ce quiz